Mercados globales, historias nacionales
محفوظ في:
| المؤلفون الرئيسيون: | , , , , |
|---|---|
| التنسيق: | كتاب |
| اللغة: | الإسبانية |
| منشور في: |
Barcelona
Gedisa
2009
|
| الطبعة: | 1a. ed |
| سلاسل: | Estudios de Televisión, 28
|
| الموضوعات: | |
| الوسوم: |
إضافة وسم
لا توجد وسوم, كن أول من يضع وسما على هذه التسجيلة!
|
MARC
| LEADER | 00000cam a2200000 a 4500 | ||
|---|---|---|---|
| 001 | UCD6249 | ||
| 003 | CL-VaPUC | ||
| 008 | 161124e20090400sp |||||||||||||||||spa|d | ||
| 020 | |a 9788497843591 | ||
| 082 | 0 | 4 | |a 338.88 |b VIL |2 21 |
| 100 | 0 | |a Vilches, Lorenzo |e author |9 589992 | |
| 700 | 0 | |a Arias, Gerardo |e author |9 589993 | |
| 700 | 0 | |a López-Pumarejo, Tomás |e author |9 589994 | |
| 700 | 0 | |a Mazziotti, Nora |e author |9 589995 | |
| 700 | 0 | |a Rincón, Omar |e author |9 589996 | |
| 245 | 1 | 0 | |a Mercados globales, historias nacionales |
| 250 | |a 1a. ed | ||
| 300 | |a 203 p | ||
| 942 | |c BK | ||
| 945 | |d 20161124 22:47:00 |a arojas | ||
| 260 | |a Barcelona |b Gedisa |c 2009 | ||
| 650 | 0 | |a Negocios internacionales |9 497893 | |
| 650 | 0 | |a Globalización |9 361930 | |
| 650 | 7 | |a EMPRESAS INTERNACIONALES |2 CL-VaPUC |9 258376 | |
| 583 | |a last modification |c 20161124 22:47:00 |k Rodrigo Vera | ||
| 490 | 0 | |a Estudios de Televisión, 28 | |
| 999 | |c 366606 |d 366604 | ||
| 952 | |0 0 |1 0 |3 erb |4 0 |6 338_880000000000000_VIL_2009 |7 0 |8 A |9 480988 |a BIBCUR |b BIBCUR |i 5350158 |o 338.88 VIL 2009 |p 5350158 |r 2025-04-22 |w 2019-11-24 |y BK |z Catalogado en:20161124 |k PER | ||